00501nam a2200145 a 450000500170000000800410001702000180005805000230007610000200009924500490011926000400016830000140020899900190022295201140024120140412111420.0070928s19uu xx 00 eng d a0-06-443055-3 aTR(PS EbWh56 1984 aSendak, Maurice aWhere the wild things are /cMaurice Sendak. aU.S.A :bHarper and Row Pub,c1984. a1 v. unp. c106001d106001 001040aELbELcTRd2007-09-28eLib. Fundl0oTR(PS E Wh56 1984pE11092r2014-04-12 00:00:00w2014-04-12yBK